000 00384nam a2200145Ia 4500
008 230711s9999||||xx |||||||||||||| ||und||
041 _aENG
082 _a621
_bGO-D
100 _aGopal,M
245 0 _aDigital control and state variable method
250 _a1st Ed.
260 _c1997
_aNew Delhi
_bTata McGraw Hill Education Limited
650 _aElectrical Engineering
942 _cBK
999 _c8381
_d8381